Animaux mascottes de marques ou d'entreprises 2 - Statistiques

Statistiques générales
  • Ce quiz a été pris 131 fois
  • Le résultat moyen est 16 sur 25
Statistiques - réponses
Hint Explanation Réponse % Correct
Automobiles françaises Lion Peugeot
88%
Céréales chocolat Pico le Chien Nestlé Chocapic
87%
Société de transport Serge le lapin RATP
84%
Chocolat en poudre Groquik Nesquick
83%
Marque de téléphone finlandaise Poisson Nokia
80%
Vêtements de tennis Crocodile Lacoste
79%
Equipements sportifs Puma
79%
Petits bonbons Georges le Yéti Tic tac
79%
Pneus Cheval Continental
77%
Navigateur Panda roux Firefox
71%
Marque de conserves Lapin blanc Cassegrain
70%
Festival Chat Fauve d'Angoulême
70%
Emission de télévision Mabrouk berger allemand 30 Millions d'amis
68%
Bière brune Pélican Guiness
67%
Couteaux Abeille Laguiole
62%
Lessive disparue Singes Omo
61%
Marque d'adoucissant Ourson Cajoline
54%
Prêt-à-porter Scottish terrier Chipie
52%
Système d'exploitation Tux le manchot Linux
52%
Whisky Scottish terrier et Westie Black and White
45%
Revue informatique Canard PC
43%
Produits laitiers Vache noire et blanche Michel et Augustin
40%
Société de distribution de films Cheval ailé Tristar
29%
Entretien automobile Chat blanc Ramsès
22%
Peinture Panthère noire Valentine
22%
Aucun quiz correspondant
Distribution des résultats
% des personnes avec chaque résultat
Percentile par nombre de réponses
Votre historique - résultats
Vous n’avez pas pris ce quiz